[Event "HUN-chT2 Toth 1819"]
[Site "Hungary"]
[Date "2019.02.10"]
[Round "7.7"]
[White "Kovacs, Arthur"]
[Black "Keresztes, Zoltan"]
[Result "1-0"]
[WhiteElo "1949"]
[BlackElo "2000"]
[PlyCount "39"]
[EventDate "2018.09.23"]
[EventType "team-tourn"]
[EventRounds "11"]
[EventCountry "HUN"]
[SourceTitle "EXT 2021"]
[Source "ChessBase"]
[SourceDate "2020.10.23"]
[SourceVersion "1"]
[SourceVersionDate "2020.10.23"]
[SourceQuality "1"]
[WhiteTeam "Mako Duocor II"]
[BlackTeam "Kecskemet Takisz"]
[WhiteTeamCountry "HUN"]
[BlackTeamCountry "HUN"]

1. d4 Nf6 2. Nf3 e6 3. c4 b6 4. g3 Bb7 5. Bg2 Be7 6. 0-0 0-0 7. Nc3 a6 8. Qc2 d5 9. Ne5 c5 10. dxc5 Qc7 11. Bf4 Bxc5 12. Ng6 Qc8 13. Nxf8 Kxf8 14. cxd5 exd5 15. Rac1 Nbd7 16. Na4 Qe8 17. Nxc5 Nxc5 18. Bd6+ Kg8 19. Bxc5 Rc8 20. Qb3 1-0

[Event "HUN-chT2 Toth 1819"]
[Site "Hungary"]
[Date "2019.01.27"]
[Round "6.5"]
[White "Keresztes, Zoltan"]
[Black "Bogdany, Gabor"]
[Result "1/2-1/2"]
[WhiteElo "2000"]
[BlackElo "2005"]
[PlyCount "83"]
[EventDate "2018.09.23"]
[EventType "team-tourn"]
[EventRounds "11"]
[EventCountry "HUN"]
[SourceTitle "EXT 2021"]
[Source "ChessBase"]
[SourceDate "2020.10.23"]
[SourceVersion "1"]
[SourceVersionDate "2020.10.23"]
[SourceQuality "1"]
[WhiteTeam "Kecskemet Takisz"]
[BlackTeam "Oroshaza"]
[WhiteTeamCountry "HUN"]
[BlackTeamCountry "HUN"]

1. d4 Nf6 2. c4 e6 3. Nf3 b6 4. e3 Bb7 5. Be2 c5 6. 0-0 Be7 7. Nc3 d5 8. cxd5 exd5 9. Ne5 0-0 10. Bd3 Nc6 11. Nxc6 Bxc6 12. Qc2 c4 13. Be2 b5 14. Bf3 b4 15. Ne2 Qb6 16. Ng3 g6 17. e4 dxe4 18. Nxe4 Rfd8 19. Be3 Qb7 20. Ng5 Bxf3 21. Nxf3 Rac8 22. h3 Nd5 23. Ne5 Bf6 24. Nxc4 Nb6 25. b3 Nxc4 26. bxc4 Bxd4 27. Rab1 Bxe3 28. fxe3 Qe7 29. Rf3 Qc5 30. Rff1 Rd7 31. Qf2 Qxc4 32. Qf4 Qe6 33. Rxb4 Rdc7 34. a4 Rc1 35. Rb1 R1c2 36. Qf3 a6 37. Rb7 R8c7 38. Rb8+ Rc8 39. Rb7 R2c7 40. Rb4 Re8 41. e4 Rc4 42. Rxc4 1/2-1/2

[Event "HUN-chT2 Toth 1718"]
[Site "Hungary"]
[Date "2018.05.06"]
[Round "11.4"]
[White "Retkes, Peter"]
[Black "Keresztes, Zoltan"]
[Result "1-0"]
[WhiteElo "2060"]
[BlackElo "2007"]
[PlyCount "81"]
[EventDate "2017.09.24"]
[EventType "team-tourn"]
[EventRounds "11"]
[EventCountry "HUN"]
[SourceTitle "EXT 2021"]
[Source "ChessBase"]
[SourceDate "2020.10.23"]
[SourceVersion "1"]
[SourceVersionDate "2020.10.23"]
[SourceQuality "1"]
[WhiteTeam "Szeged Meritum"]
[BlackTeam "Kecskemet Takisz"]
[WhiteTeamCountry "HUN"]
[BlackTeamCountry "HUN"]

1. e4 c5 2. Nf3 d6 3. c3 Nf6 4. Be2 e6 5. 0-0 Be7 6. Re1 0-0 7. Bf1 Qc7 8. d4 e5 9. d5 Bg4 10. a4 Nbd7 11. Na3 Rfe8 12. Qd3 Nf8 13. Nd2 a6 14. Ndc4 N6d7 15. f3 Bh5 16. g3 Reb8 17. Bd2 Ra7 18. Ne3 Bg6 19. Bh3 Bg5 20. Rf1 h6 21. Kh1 Re8 22. Nac4 Be7 23. a5 Bg5 24. Ra3 Bd8 25. Bf5 Qb8 26. Bxg6 Nxg6 27. Nf5 Bc7 28. Rg1 b5 29. axb6 Nxb6 30. Na5 Qc8 31. Nc6 Ra8 32. c4 Kh7 33. Ba5 Qd7 34. Rb3 Reb8 35. Nxb8 Rxb8 36. Bxb6 Bxb6 37. Ra1 Bc7 38. Rxb8 Bxb8 39. Qb3 Qa7 40. Ra4 Bc7 41. Qb5 1-0

[Event "HUN-chT2 Toth 1718"]
[Site "Hungary"]
[Date "2018.02.18"]
[Round "8.6"]
[White "Keresztes, Zoltan"]
[Black "Banyai, Istvan"]
[Result "1/2-1/2"]
[WhiteElo "2007"]
[BlackElo "1984"]
[PlyCount "33"]
[EventDate "2017.09.24"]
[EventType "team-tourn"]
[EventRounds "11"]
[EventCountry "HUN"]
[SourceTitle "EXT 2021"]
[Source "ChessBase"]
[SourceDate "2020.10.23"]
[SourceVersion "1"]
[SourceVersionDate "2020.10.23"]
[SourceQuality "1"]
[WhiteTeam "Kecskemet Takisz"]
[BlackTeam "Gyula"]
[WhiteTeamCountry "HUN"]
[BlackTeamCountry "HUN"]

1. d4 Nf6 2. c4 e6 3. a3 d5 4. Nc3 h6 5. Bf4 Bd6 6. g3 0-0 7. Nf3 b6 8. cxd5 exd5 9. Bxd6 Qxd6 10. Bg2 a6 11. 0-0 Bb7 12. Qc2 Nc6 13. Rfe1 Rfe8 14. e3 Rad8 15. Rac1 g6 16. Nd2 Re7 17. Nf3 1/2-1/2

[Event "HUN-chT2 Toth 1718"]
[Site "Hungary"]
[Date "2017.12.17"]
[Round "6.7"]
[White "Kovacs, Robert"]
[Black "Keresztes, Zoltan"]
[Result "1/2-1/2"]
[WhiteElo "2064"]
[BlackElo "2007"]
[PlyCount "81"]
[EventDate "2017.09.24"]
[EventType "team-tourn"]
[EventRounds "11"]
[EventCountry "HUN"]
[SourceTitle "EXT 2021"]
[Source "ChessBase"]
[SourceDate "2020.10.23"]
[SourceVersion "1"]
[SourceVersionDate "2020.10.23"]
[SourceQuality "1"]
[WhiteTeam "Karcag"]
[BlackTeam "Kecskemet Takisz"]
[WhiteTeamCountry "HUN"]
[BlackTeamCountry "HUN"]

1. d4 Nf6 2. c4 e6 3. Nc3 d5 4. cxd5 exd5 5. Bg5 Be7 6. e3 0-0 7. Qc2 c6 8. Bd3 h6 9. Bf4 Nbd7 10. Nf3 Re8 11. 0-0-0 b5 12. Nxb5 Qb6 13. Nc7 Bb7 14. Nxe8 Rxe8 15. Qb3 Rc8 16. Qxb6 axb6 17. Kb1 c5 18. Bf5 Ra8 19. h3 Nf8 20. g4 Ba6 21. Ne5 Bb7 22. f3 cxd4 23. exd4 Ne8 24. Rc1 Bd6 25. Nd3 g6 26. Bxh6 gxf5 27. gxf5 Bc8 28. Rhg1+ Kh7 29. Bxf8 Bxf8 30. Ne5 Bxf5+ 31. Ka1 Be6 32. Rc6 b5 33. Rg5 Be7 34. Rg1 Ra7 35. f4 Ng7 36. Nf3 Nf5 37. Rc2 Bf6 38. Rd2 Rc7 39. Ne5 Bh4 40. a3 Be7 41. Kb1 1/2-1/2

[Event "HUN-chT2 Toth 1617"]
[Site "Hungary"]
[Date "2017.02.12"]
[Round "8.4"]
[White "Balog, Imre"]
[Black "Keresztes, Zoltan"]
[Result "0-1"]
[WhiteElo "1949"]
[BlackElo "2009"]
[PlyCount "76"]
[EventDate "2016.09.25"]
[EventType "team-tourn"]
[EventRounds "11"]
[EventCountry "HUN"]
[SourceTitle "EXT 2021"]
[Source "ChessBase"]
[SourceDate "2020.10.23"]
[SourceVersion "1"]
[SourceVersionDate "2020.10.23"]
[SourceQuality "1"]
[WhiteTeam "Bekes"]
[BlackTeam "Kecskemet Takisz"]
[WhiteTeamCountry "HUN"]
[BlackTeamCountry "HUN"]

1. d4 d5 2. Nf3 Nf6 3. c4 e6 4. g3 Be7 5. Bg2 0-0 6. 0-0 Nbd7 7. cxd5 exd5 8. Nc3 c6 9. Qc2 Re8 10. Bg5 h6 11. Bxf6 Bxf6 12. e3 Nf8 13. b4 Bg4 14. a4 Qd7 15. Rac1 Rac8 16. Qb3 Bh3 17. b5 Nh7 18. bxc6 bxc6 19. Ne2 Bxg2 20. Kxg2 g5 21. Qd3 Kg7 22. Rc5 Be7 23. Ne5 Qe6 24. Ra5 Rc7 25. Ra6 Nf6 26. Rc1 Rec8 27. Nc3 Bd6 28. Nf3 Ne4 29. Nd2 Nxd2 30. Qxd2 Bb4 31. Qd3 Bxc3 32. Rxc3 h5 33. h3 g4 34. h4 Rb8 35. Qc2 Rb6 36. Ra5 Qf6 37. Rxd5 Qf3+ 38. Kg1 Qxd5 0-1

[Event "HUN-chT2 Toth 1617"]
[Site "Hungary"]
[Date "2017.01.29"]
[Round "7.6"]
[White "Hajdu, Istvan"]
[Black "Keresztes, Zoltan"]
[Result "1/2-1/2"]
[WhiteElo "1995"]
[BlackElo "2009"]
[PlyCount "59"]
[EventDate "2016.09.25"]
[EventType "team-tourn"]
[EventRounds "11"]
[EventCountry "HUN"]
[SourceTitle "EXT 2021"]
[Source "ChessBase"]
[SourceDate "2020.10.23"]
[SourceVersion "1"]
[SourceVersionDate "2020.10.23"]
[SourceQuality "1"]
[WhiteTeam "Szentes Integral"]
[BlackTeam "Kecskemet Takisz"]
[WhiteTeamCountry "HUN"]
[BlackTeamCountry "HUN"]

1. e4 c5 2. Nf3 d6 3. d4 cxd4 4. Nxd4 Nf6 5. Nc3 a6 6. Bg5 e6 7. Qd2 Nbd7 8. 0-0-0 Be7 9. f3 Qc7 10. Nb3 b5 11. a3 Rb8 12. Na2 0-0 13. Kb1 Rd8 14. Qa5 Nb6 15. Be3 Nfd7 16. Be2 Qb7 17. Qb4 Qc7 18. Bf4 Nc4 19. Qe1 Nde5 20. Bc1 Bb7 21. Bd3 d5 22. exd5 Bxd5 23. Be4 Rbc8 24. Qe2 Ng6 25. Bxd5 Rxd5 26. Rxd5 exd5 27. Nd4 Qb6 28. c3 Bf6 29. Rd1 h6 30. Nb4 1/2-1/2

[Event "HUN-chT2 Toth 1516"]
[Site "Hungary"]
[Date "2016.04.17"]
[Round "11.6"]
[White "Keresztes, Zoltan"]
[Black "Ver, Imre"]
[Result "1-0"]
[WhiteElo "2011"]
[BlackElo "1842"]
[PlyCount "67"]
[EventDate "2015.09.13"]
[EventType "team-tourn"]
[EventRounds "11"]
[EventCountry "HUN"]
[SourceTitle "EXT 2017"]
[Source "ChessBase"]
[SourceDate "2016.10.25"]
[SourceVersion "1"]
[SourceVersionDate "2016.10.25"]
[SourceQuality "1"]
[WhiteTeam "Takisz"]
[BlackTeam "Roszke"]
[WhiteTeamCountry "HUN"]
[BlackTeamCountry "HUN"]

1. d4 Nf6 2. c4 g6 3. Nc3 Bg7 4. e4 d6 5. Be2 0-0 6. g4 e5 7. d5 c6 8. Be3 Qa5 9. f3 cxd5 10. cxd5 Bd7 11. h4 Na6 12. h5 b5 13. a3 Rfc8 14. Kf2 Nc7 15. Nh3 b4 16. axb4 Qxb4 17. Qd2 a6 18. hxg6 fxg6 19. Ng5 Rcb8 20. Ne6 Bxe6 21. dxe6 Nxe6 22. g5 Ne8 23. Ra2 Nd4 24. Rb1 Nc7 25. Ra4 Qb7 26. Bc4+ Kh8 27. Nd5 Ra7 28. Rb4 Ncb5 29. Bxd4 exd4 30. Bxb5 axb5 31. Nf6 Qb6 32. Nd5 Qd8 33. Rc1 Qd7 34. Rh1 1-0

[Event "HUN-chT2 Toth 1516"]
[Site "Hungary"]
[Date "2015.11.08"]
[Round "4.5"]
[White "Pal, Imre"]
[Black "Keresztes, Zoltan"]
[Result "1/2-1/2"]
[WhiteElo "2118"]
[BlackElo "2011"]
[PlyCount "45"]
[EventDate "2015.09.13"]
[EventType "team-tourn"]
[EventRounds "11"]
[EventCountry "HUN"]
[SourceTitle "CBM 170 Extra"]
[Source "ChessBase"]
[SourceDate "2016.02.25"]
[SourceVersion "1"]
[SourceVersionDate "2016.02.25"]
[SourceQuality "1"]
[WhiteTeam "Toth Laszlo II"]
[BlackTeam "Takisz"]
[WhiteTeamCountry "HUN"]
[BlackTeamCountry "HUN"]

1. e4 c5 2. Nf3 d6 3. d4 cxd4 4. Nxd4 Nf6 5. Nc3 a6 6. Bc4 e6 7. Bb3 Be7 8. Be3 Qc7 9. Qe2 Nc6 10. 0-0-0 0-0 11. Rhg1 Na5 12. g4 d5 13. exd5 Nxb3+ 14. Nxb3 Nxd5 15. Nxd5 exd5 16. Kb1 a5 17. Nd4 a4 18. Bc1 Ra6 19. Nb5 Qc6 20. Nd4 Qc7 21. Nb5 Qc6 22. Nd4 Qc7 23. Nb5 1/2-1/2

[Event "HUN-chT2 Toth 1516"]
[Site "Hungary"]
[Date "2015.10.18"]
[Round "3.5"]
[White "Keresztes, Zoltan"]
[Black "Ohat, Imre"]
[Result "1/2-1/2"]
[WhiteElo "2011"]
[BlackElo "1912"]
[PlyCount "52"]
[EventDate "2015.09.13"]
[EventType "team-tourn"]
[EventRounds "11"]
[EventCountry "HUN"]
[SourceTitle "CBM 170 Extra"]
[Source "ChessBase"]
[SourceDate "2016.02.25"]
[SourceVersion "1"]
[SourceVersionDate "2016.02.25"]
[SourceQuality "1"]
[WhiteTeam "Takisz"]
[BlackTeam "Maroczy II"]
[WhiteTeamCountry "HUN"]
[BlackTeamCountry "HUN"]

1. d4 Nf6 2. c4 g6 3. Nc3 Bg7 4. e4 d6 5. Be2 0-0 6. g4 e5 7. d5 a5 8. h4 Na6 9. g5 Ne8 10. Be3 f5 11. gxf6 Nxf6 12. h5 Qe8 13. hxg6 Qxg6 14. Bh5 Nxh5 15. Qxh5 Qxh5 16. Rxh5 Bd7 17. Nge2 Be8 18. Rh2 Bg6 19. Kd2 Rf7 20. Rg1 Raf8 21. Ng3 Nc5 22. Ke2 Nd7 23. Nh5 Rc8 24. f3 Nf6 25. Nxf6+ Rxf6 26. Rh3 Rf7 1/2-1/2

[Event "HUN-chT2 Toth 1415"]
[Site "Hungary"]
[Date "2015.04.26"]
[Round "11.5"]
[White "Keresztes, Zoltan"]
[Black "Sebok, Istvan"]
[Result "1/2-1/2"]
[WhiteElo "1998"]
[BlackElo "2008"]
[PlyCount "76"]
[EventDate "2014.09.07"]
[EventType "team-tourn"]
[EventRounds "11"]
[EventCountry "HUN"]
[SourceTitle "EXT 2016"]
[Source "ChessBase"]
[SourceDate "2015.10.08"]
[SourceVersion "1"]
[SourceVersionDate "2015.10.08"]
[SourceQuality "1"]
[WhiteTeam "Takisz"]
[BlackTeam "Karcag"]
[WhiteTeamCountry "HUN"]
[BlackTeamCountry "HUN"]

1. d4 e5 2. c4 d5 3. cxd5 Qxd5 4. e3 Nc6 5. Nc3 Bb4 6. Bd2 Bxc3 7. bxc3 exd4 8. exd4 Nf6 9. Nf3 0-0 10. Be2 Re8 11. 0-0 Bg4 12. Be3 Ne4 13. Qc2 Qe6 14. c4 Nxf2 15. Bxf2 Qxe2 16. Qb3 Bxf3 17. gxf3 Qd2 18. Rad1 Qg5+ 19. Kh1 b6 20. Rg1 Qh5 21. Qd3 Nb4 22. Qb3 Re2 23. Rg2 Nc6 24. Rdg1 g6 25. f4 Qf5 26. d5 Qxf4 27. Bg3 Qe4 28. dxc6 Qxc6 29. Qb5 Qf3 30. Qd5 Qxd5 31. cxd5 Rxg2 32. Rxg2 Rd8 33. Bxc7 Rxd5 34. Re2 Kg7 35. Be5+ f6 36. Bc3 Kf7 37. Kg2 Rd3 38. Bb4 Rd7 1/2-1/2

[Event "HUN-chT2 Toth 1112"]
[Site "Hungary"]
[Date "2012.04.22"]
[Round "9.9"]
[White "Revesz, Bela"]
[Black "Keresztes, Zoltan"]
[Result "1-0"]
[WhiteElo "1945"]
[BlackElo "2060"]
[PlyCount "87"]
[EventDate "2011.09.25"]
[EventType "team-tourn"]
[EventRounds "11"]
[EventCountry "HUN"]
[SourceTitle "EXT 2013"]
[Source "ChessBase"]
[SourceDate "2012.11.22"]
[SourceVersion "1"]
[SourceVersionDate "2012.11.22"]
[SourceQuality "1"]
[WhiteTeam "Bekes"]
[BlackTeam "Toth Laszlo"]
[WhiteTeamCountry "HUN"]
[BlackTeamCountry "HUN"]

1. e4 c5 2. Nc3 d6 3. g3 Nc6 4. Bg2 Nf6 5. d3 e6 6. f4 Be7 7. Nf3 0-0 8. 0-0 Qc7 9. Kh1 a6 10. Be3 b5 11. a3 b4 12. axb4 Nxb4 13. h3 Bb7 14. Bg1 d5 15. e5 Nh5 16. Bh2 g6 17. Ne2 d4 18. g4 Ng7 19. Ng3 Nd5 20. Qd2 Ne3 21. Rf2 f6 22. exf6 Bxf6 23. Ne4 Qb6 24. Nxf6+ Rxf6 25. c3 Nxg2 26. Kxg2 g5 27. Kg1 gxf4 28. Ne5 Qd6 29. Bxf4 Qd5 30. Kh2 Raf8 31. Re1 Rxf4 32. Rxf4 Rxf4 33. c4 Qd6 34. Qxf4 Bc6 35. Qf7+ Kh8 36. Qf6 Be8 37. Rf1 Kg8 38. h4 h6 39. h5 Kh7 40. Kh3 Kg8 41. Nf7 Qc7 42. Nxh6+ Kh7 43. Nf7 Kg8 44. Ng5 1-0

[Event "HUN-chT2 Erkel 1011"]
[Site "Hungary"]
[Date "2010.09.26"]
[Round "2.3"]
[White "Rozgonyi, Aron"]
[Black "Keresztes, Zoltan"]
[Result "0-1"]
[WhiteElo "2166"]
[BlackElo "2069"]
[PlyCount "60"]
[EventDate "2010.09.12"]
[EventType "team-tourn"]
[EventRounds "11"]
[EventCountry "HUN"]
[SourceTitle "EXT 2012"]
[Source "ChessBase"]
[SourceDate "2011.11.24"]
[SourceVersion "1"]
[SourceVersionDate "2011.11.24"]
[SourceQuality "1"]
[WhiteTeam "Dunaharaszti II"]
[BlackTeam "Toth Laszlo"]
[WhiteTeamCountry "HUN"]
[BlackTeamCountry "HUN"]

1. e4 c5 2. Nf3 d6 3. d4 cxd4 4. Nxd4 Nf6 5. Nc3 a6 6. Be2 e5 7. Nb3 Be6 8. Bf3 Nbd7 9. Be3 Qc7 10. Qe2 Be7 11. h3 b5 12. Rd1 Bc4 13. Qd2 0-0 14. Ne2 Rfd8 15. c3 Nb6 16. Qc2 a5 17. Nd2 Be6 18. b3 d5 19. Qb2 dxe4 20. Nxe4 Rxd1+ 21. Kxd1 Nfd5 22. Nd2 Rd8 23. Bxb6 Nxb6 24. h4 Bf5 25. g4 Bc8 26. Ke1 Bb7 27. Ne4 Rd3 28. Bg2 Qd8 29. N2g3 Rd1+ 30. Ke2 Qd3# 0-1

[Event "HUN-chT2 Toth 0708"]
[Site "Hungary"]
[Date "2008.05.18"]
[Round "11"]
[White "Keresztes, Zoltan"]
[Black "Surinya, Tibor"]
[Result "1/2-1/2"]
[WhiteElo "2063"]
[BlackElo "1794"]
[PlyCount "56"]
[EventDate "2007.10.14"]
[EventType "team"]
[EventRounds "11"]
[EventCountry "HUN"]
[SourceTitle "EXT 2009"]
[Source "ChessBase"]
[SourceDate "2008.11.26"]
[SourceVersion "1"]
[SourceVersionDate "2008.11.26"]
[SourceQuality "1"]
[WhiteTeam "Takisz"]
[BlackTeam "Mako II"]
[WhiteTeamCountry "HUN"]
[BlackTeamCountry "HUN"]

1. d4 Nf6 2. c4 e6 3. Nf3 d5 4. Nc3 c6 5. e3 Nbd7 6. Be2 Be7 7. 0-0 0-0 8. a3 dxc4 9. Bxc4 c5 10. Qe2 a6 11. Rd1 Qc7 12. dxc5 Bxc5 13. b4 Ba7 14. Bb2 b5 15. Ba2 Bb7 16. Rac1 Qb6 17. Rd2 Rfd8 18. Rcd1 Nf8 19. h3 Qc7 20. a4 Rxd2 21. Rxd2 bxa4 22. Nxa4 Nd5 23. Be5 Qe7 24. Bxd5 Bxd5 25. e4 Bc6 26. Bd6 Qb7 27. Nc3 Bb8 28. Qc4 Bxd6 1/2-1/2

[Event "HUN-chT2 Toth 0708"]
[Site "Hungary"]
[Date "2008.03.16"]
[Round "8"]
[White "Keresztes, Zoltan"]
[Black "Drenyovszki, Norbert"]
[Result "1-0"]
[WhiteElo "2063"]
[BlackElo "1528"]
[PlyCount "87"]
[EventDate "2007.10.14"]
[EventType "team"]
[EventRounds "11"]
[EventCountry "HUN"]
[SourceTitle "EXT 2009"]
[Source "ChessBase"]
[SourceDate "2008.11.26"]
[SourceVersion "1"]
[SourceVersionDate "2008.11.26"]
[SourceQuality "1"]
[WhiteTeam "Takisz"]
[BlackTeam "Mezobereny"]
[WhiteTeamCountry "HUN"]
[BlackTeamCountry "HUN"]

1. d4 Nf6 2. c4 e6 3. Nf3 d5 4. Nc3 c5 5. e3 Nc6 6. Be2 a6 7. a4 dxc4 8. Bxc4 cxd4 9. exd4 Bb4 10. 0-0 0-0 11. h3 h6 12. Be3 Bxc3 13. bxc3 Qc7 14. Bd3 Bd7 15. Qd2 Nd5 16. Bxh6 gxh6 17. Qxh6 f5 18. Ng5 Bc8 19. Nxe6 Bxe6 20. Qxe6+ Qf7 21. Qe1 Nf4 22. Qe3 Nxd3 23. Qxd3 Kh7 24. Rab1 Rg8 25. Rfe1 Rg7 26. d5 Rd8 27. c4 Qg6 28. g3 Kg8 29. Qc3 Nb8 30. Re6 Qh7 31. Kg2 f4 32. Rbe1 Nd7 33. Re8+ Rxe8 34. Rxe8+ Kf7 35. Re1 Qf5 36. a5 Rh7 37. g4 Rg7 38. Qxg7+ Kxg7 39. gxf5 Kf6 40. Kf3 Kxf5 41. Re4 Ne5+ 42. Rxe5+ Kxe5 43. h4 Kf6 44. h5 1-0

[Event "HUN-chT2 Toth 0708"]
[Site "Hungary"]
[Date "2007.12.09"]
[Round "4"]
[White "Samu, Gabor"]
[Black "Keresztes, Zoltan"]
[Result "1-0"]
[WhiteElo "2098"]
[BlackElo "2072"]
[PlyCount "129"]
[EventDate "2007.10.14"]
[EventType "team"]
[EventRounds "11"]
[EventCountry "HUN"]
[SourceTitle "EXT 2009"]
[Source "ChessBase"]
[SourceDate "2008.11.26"]
[SourceVersion "1"]
[SourceVersionDate "2008.11.26"]
[SourceQuality "1"]
[WhiteTeam "Bekes"]
[BlackTeam "Takisz"]
[WhiteTeamCountry "HUN"]
[BlackTeamCountry "HUN"]

1. d4 Nf6 2. c4 e6 3. Nc3 Bb4 4. Qc2 c5 5. e3 0-0 6. Nf3 Nc6 7. Bd3 d6 8. 0-0 Bxc3 9. Qxc3 e5 10. d5 Ne7 11. e4 Ng6 12. b4 cxb4 13. Qxb4 b6 14. a4 Qc7 15. a5 Bg4 16. Ne1 Rfb8 17. Be3 bxa5 18. Qxa5 Rc8 19. f3 Bd7 20. Nc2 Nf4 21. Bxf4 exf4 22. Qxc7 Rxc7 23. Ra6 Ne8 24. Nd4 g6 25. Rb1 Kf8 26. Kf2 Ke7 27. h4 Rac8 28. Ne2 f5 29. Nxf4 fxe4 30. fxe4 Kf6 31. Ke3 Ke5 32. Be2 Kf6 33. Kd4 Ke7 34. g4 Nf6 35. g5 Nxe4 36. Rba1 Nc5 37. R6a3 a5 38. Re1 Kf7 39. h5 Re8 40. Rf1 Re4+ 41. Kc3 Bf5 42. hxg6+ hxg6 43. Kd2 Rb7 44. Nd3 Nb3+ 45. Kd1 Nd4 46. Nc1 Rb1 47. Bd3 Rxc1+ 48. Kxc1 Rg4 49. Bxf5 gxf5 50. Kd1 f4 51. Rxa5 Kg6 52. Ra6 Kxg5 53. Rxd6 Nf5 54. Re6 Ne3+ 55. Rxe3 fxe3 56. Ke2 Rxc4 57. Kxe3 Ra4 58. d6 Kg6 59. Rf8 Ra3+ 60. Ke4 Ra4+ 61. Ke5 Ra5+ 62. Ke6 Kg7 63. Rf1 Ra6 64. Ke7 Ra7+ 65. d7 1-0

[Event "HUN-chT2 Toth 0506"]
[Site "Hungary"]
[Date "2006.02.12"]
[Round "7"]
[White "Joo, Janos"]
[Black "Keresztes, Zoltan"]
[Result "1-0"]
[WhiteElo "2085"]
[BlackElo "2106"]
[PlyCount "51"]
[EventDate "2005.10.16"]
[EventType "team"]
[EventRounds "11"]
[EventCountry "HUN"]
[SourceTitle "EXT 2009"]
[Source "ChessBase"]
[SourceDate "2008.11.26"]
[SourceVersion "1"]
[SourceVersionDate "2008.11.26"]
[SourceQuality "1"]
[WhiteTeam "Mako"]
[BlackTeam "Takisz"]
[WhiteTeamCountry "HUN"]
[BlackTeamCountry "HUN"]

1. e4 c5 2. Nf3 d6 3. d4 cxd4 4. Nxd4 Nf6 5. Nc3 a6 6. Bc4 e6 7. Bb3 Be7 8. 0-0 0-0 9. Be3 Qc7 10. f4 Nc6 11. Qf3 Na5 12. Rad1 Nc4 13. Bxc4 Qxc4 14. f5 e5 15. Nde2 b5 16. Bg5 Bb7 17. Bxf6 Bxf6 18. Ng3 b4 19. Nd5 Bxd5 20. exd5 Be7 21. Ne4 f6 22. Qg4 Kh8 23. Rf3 Qxc2 24. Rh3 Rf7 25. Nf2 Rg8 26. Rxh7+ 1-0

[Event "HUN-chT2 Toth 0506"]
[Site "Hungary"]
[Date "2006.01.22"]
[Round "6"]
[White "Keresztes, Zoltan"]
[Black "Pinter, Mark"]
[Result "1-0"]
[WhiteElo "2106"]
[BlackElo "2052"]
[PlyCount "57"]
[EventDate "2005.10.16"]
[EventType "team"]
[EventRounds "11"]
[EventCountry "HUN"]
[SourceTitle "EXT 2009"]
[Source "ChessBase"]
[SourceDate "2008.11.26"]
[SourceVersion "1"]
[SourceVersionDate "2008.11.26"]
[SourceQuality "1"]
[WhiteTeam "Takisz"]
[BlackTeam "Metroepszolg"]
[WhiteTeamCountry "HUN"]
[BlackTeamCountry "HUN"]

1. d4 d5 2. Nf3 Nf6 3. c4 c6 4. Nc3 e6 5. e3 Bd6 6. Bd3 Nbd7 7. 0-0 0-0 8. e4 Nxe4 9. Nxe4 dxe4 10. Bxe4 Nf6 11. Bc2 h6 12. Qe2 c5 13. Be3 Qc7 14. a3 Ng4 15. h3 Nxe3 16. fxe3 b6 17. Qd3 f5 18. e4 cxd4 19. exf5 exf5 20. Nxd4 Bc5 21. Kh1 g6 22. Nb5 Qc6 23. Rae1 Bb7 24. Qg3 Rad8 25. Re2 a6 26. Nc7 Rf6 27. Nd5 Rxd5 28. cxd5 Qxd5 29. Bb3 1-0

[Event "HUN-chT2 Toth 0506"]
[Site "Hungary"]
[Date "2005.10.16"]
[Round "1"]
[White "Hajdu, Istvan"]
[Black "Keresztes, Zoltan"]
[Result "1/2-1/2"]
[WhiteElo "2149"]
[BlackElo "2106"]
[PlyCount "80"]
[EventDate "2005.10.16"]
[EventType "team"]
[EventRounds "11"]
[EventCountry "HUN"]
[SourceTitle "EXT 2009"]
[Source "ChessBase"]
[SourceDate "2008.11.26"]
[SourceVersion "1"]
[SourceVersionDate "2008.11.26"]
[SourceQuality "1"]
[WhiteTeam "Szentes"]
[BlackTeam "Takisz"]
[WhiteTeamCountry "HUN"]
[BlackTeamCountry "HUN"]

1. e4 c5 2. Nc3 d6 3. Bb5+ Bd7 4. Bxd7+ Nxd7 5. Nf3 Ngf6 6. 0-0 a6 7. d4 cxd4 8. Nxd4 e6 9. Kh1 Be7 10. f4 Qc7 11. f5 e5 12. Nb3 b5 13. a3 Qc6 14. Qf3 a5 15. Qd3 a4 16. Nd2 Rb8 17. Nd5 Nc5 18. Qf3 Rc8 19. Nc3 0-0 20. Re1 Ncd7 21. Nf1 Bd8 22. Ne3 Ba5 23. Bd2 Rfe8 24. Ned5 Bd8 25. Rad1 Nb6 26. Nb4 Qd7 27. b3 Ra8 28. Bc1 Nc8 29. h3 Ba5 30. bxa4 bxa4 31. Nca2 Nb6 32. Qd3 Red8 33. Bg5 Qe7 34. Rf1 Rac8 35. Bxf6 Qxf6 36. Nd5 Nxd5 37. exd5 Rc5 38. c4 Rdc8 39. Rc1 Qh4 40. Rc2 Rxc4 1/2-1/2

[Event "HUN-chT2 Toth 0405"]
[Site "Hungary"]
[Date "2005.04.10"]
[Round "10"]
[White "Kiss, Ferenc"]
[Black "Keresztes, Zoltan"]
[Result "0-1"]
[WhiteElo "2115"]
[BlackElo "2113"]
[PlyCount "45"]
[EventDate "2004.09.26"]
[EventType "team"]
[EventRounds "11"]
[EventCountry "HUN"]
[SourceTitle "EXT 2009"]
[Source "ChessBase"]
[SourceDate "2008.11.26"]
[SourceVersion "1"]
[SourceVersionDate "2008.11.26"]
[SourceQuality "1"]
[WhiteTeam "Oroshaza"]
[BlackTeam "Takisz"]
[WhiteTeamCountry "HUN"]
[BlackTeamCountry "HUN"]

1. e4 c5 2. Nf3 d6 3. d4 cxd4 4. Nxd4 Nf6 5. Nc3 a6 6. Be2 e5 7. Nb3 Be6 8. Be3 Be7 9. 0-0 Nbd7 10. f4 exf4 11. Bxf4 Ne5 12. h3 0-0 13. Qd4 Qc7 14. Rad1 Rfe8 15. Bg4 Rad8 16. Qf2 b5 17. a3 Rb8 18. Bf3 Nc4 19. Bc1 Nxa3 20. bxa3 Qxc3 21. Be3 Bxb3 22. cxb3 Qxb3 23. Rd3 0-1